Loading...
| Science - Biology | 0 | 6 | 0 | 0 | 60 | 53 | 65.50 | 2 | 4 | 22.69 | 41.90 |
| Science - Chemistry | 0 | 6 | 0 | 3 | 60 | 63 | 87.17 | 1 | 3 | 8.26 | 28.57 |
| Science - Other | 0 | 3 | 1 | 1 | 25 | 88 | 94.33 | 0 | 2 | 3.09 | 9.88 |
| Geography | 0 | 2 | 0 | 1 | 20 | 101 | 103.50 | 0 | 1 | 0.00 | 9.52 |
| Literature - American | 0 | 2 | 0 | 1 | 20 | 90 | 103.00 | 0 | 0 | 2.68 | 6.43 |
| Science - Physics | 0 | 2 | 1 | 0 | 15 | 32 | 41.00 | 0 | 2 | 12.67 | 11.67 |
| Fine Arts - Classical Music | 0 | 1 | 0 | 0 | 10 | 118 | 118.00 | 0 | 0 | 0.41 | 1.67 |
| History - Other | 0 | 1 | 0 | 1 | 10 | 108 | 108.00 | 0 | 0 | 0.00 | 1.67 |
| History - European | 0 | 1 | 1 | 0 | 5 | 88 | 88.00 | 0 | 0 | 1.70 | 2.86 |
| Literature - European | 0 | 0 | 1 | 0 | -5 | 0.00 | 0 | 0 | 0.00 | 0.00 |